Details in Architecture (Record no. 1128)

000 -LEADER
fixed length control field 00268nam a2200109Ia 4500
008 - FIXED-LENGTH DATA ELEMENTS--GENERAL INFORMATION
fixed length control field 200302s9999 xx 000 0 und d
100 ## - MAIN ENTRY--PERSONAL NAME
Personal name Author
245 ## - TITLE STATEMENT
Title Details in Architecture
260 ## - PUBLICATION, DISTRIBUTION, ETC.
Name of publisher, distributor, etc. The Images Publishing Group Pvt. Ltd.
260 ## - PUBLICATION, DISTRIBUTION, ETC.
Date of publication, distribution, etc. 1999
300 ## - PHYSICAL DESCRIPTION
Extent 216 P.,
Holdings
Withdrawn status Lost status Damaged status Not for loan Permanent Location Current Location Date acquired Cost, normal purchase price Full call number Barcode Date last seen Price effective from Koha item type Source of classification or shelving scheme Public note
        BMS College of Architecture, Design and Planning BMS College of Architecture, Design and Planning 2020-03-03 2407.59 721.044 CL-UG38065 2020-03-03 2020-03-03 UG Books from CL    
        BMS College of Architecture, Design and Planning BMS College of Architecture, Design and Planning 2022-10-12     AR-DB480 2022-10-12 2022-10-12 Donated Book   Donated by Ar. K.V. Harsha Babu, Harsha Design Associates
Copyright © 2025, The Librarian, Library and Information Centre, BMSCA D&P, Bengaluru. All Rights Reserved
web counter

Powered by Koha